000 00741nam a2200253Ia 4500
003 OSt
005 20220924113044.0
006 a|||||r|||| 00| 0
007 ta
008 220923b |||||||| |||| 00| 0 eng d
024 _a54869
037 _cDictionary
040 _aARTS
_cARTS
_beng
041 _2eng
_aeng
082 _aP111:4k:g, J5-;1 (PD)
100 _aHulbert James Root
_9169386
245 0 _aDictionaries
_b British and American
260 _aLondon
_bAndre Deutsch
_c1955
300 _a109p.
_ccm.
490 _aLanguage library ed by Eric Partridge and Simeon Potter
650 _aLINGUISTICS
942 _hP111:4k:g, J5-;1 (PD)
_cdic
_2cc
999 _c389095
_d389095